QCM: Les civilisations antiques - Statistiques

Statistiques générales
  • Ce quiz a été pris 1 343 fois
  • Le résultat moyen est 12 sur 20
Statistiques - réponses
Question Réponse % Correct
Laquelle de ces civilisations était installée en Europe (originairement)? Celtes
90%
Où est apparue la plus ancienne civilisation connue à ce jour? Mésopotamie
90%
Alexandre le Grand était roi de... ? Macédoine
83%
Dans quel pays actuel se situe la ville de Carthage? Tunisie
77%
Quelle était le nom de cette civilisation? Sumérienne
76%
Quelle civilisation disparut avec la prise de Constantinople en 1453? L'Empire romain d'Orient
71%
Où était établie la civilisation minoenne? Sur l'île de Crète et Santorin
71%
Quelle civilisation n'était pas située en Mésopotamie? Royaume du Hati
68%
Quand eut lieu la chute de l'Empire romain d'Occident? 476
64%
Lequel de ces peuples ne venait pas d'Asie centrale? Les Hébreux
63%
Où se situait la civilisation mycénienne? En Grèce
59%
Où vivaient les Étrusques? En Italie
58%
Laquelle de ces périodes de la Rome antique n'a jamais existé? La Principauté romaine
58%
Quelle proposition est fausse concernant les phéniciens? C'était un peuple composé à majorité de militaires
55%
Où se situait la Phénicie (approximativement)? Au Liban
51%
La Période des Printemps et des Automnes est une période de l'histoire de ...? La Chine
46%
Où fut fondé le royaume d'Illyrie? En Albanie
44%
Où vivaient à l'origine les Hittites? En Turquie
39%
Laquelle de ces dynasties est la plus récente des dynastie perses? Sassanide
33%
Quelle époque fut la plus prospère de l'Égypte antique? Nouvel Empire
26%
Aucun quiz correspondant
Distribution des résultats
% des personnes avec chaque résultat
Percentile par nombre de réponses
Votre historique - résultats
Vous n’avez pas pris ce quiz